| 000 | 00367nam a22001457a 4500 | ||
|---|---|---|---|
| 003 | MACL | ||
| 005 | 20191128165824.0 | ||
| 008 | 191128b xxu||||| |||| 00| 0 eng d | ||
| 040 | _cMACL | ||
| 100 |
_aBhatt, DR. R.K. _977349 |
||
| 245 | _aThe survival kit for Libraries | ||
| 260 |
_aDelhi _bK. K publication _c2018 |
||
| 650 |
_aLibrary Science _957 |
||
| 942 |
_2ddc _cBK |
||
| 999 |
_c61448 _d61448 |
||